BGMEA University of Fashion and Technology
University Library

Electronic commerce : (Record no. 2999)

MARC details
000 -LEADER
fixed length control field 00584nam a22002057a 4500
001 - CONTROL NUMBER
control field 2999
003 - CONTROL NUMBER IDENTIFIER
control field BD-DhBUF
005 - DATE AND TIME OF LATEST TRANSACTION
control field 20260208130425.0
008 - FIXED-LENGTH DATA ELEMENTS--GENERAL INFORMATION
fixed length control field 260208b bg ||||| |||| 00| 0 ben d
020 ## - INTERNATIONAL STANDARD BOOK NUMBER
International Standard Book Number 0131854615
040 ## - CATALOGING SOURCE
Original cataloging agency BD-DhBUF
Transcribing agency BD-DhBUF
100 ## - MAIN ENTRY--PERSONAL NAME
Personal name Turban, Efraim
9 (RLIN) 4332
245 ## - TITLE STATEMENT
Title Electronic commerce :
Remainder of title a managerial perspective /
Statement of responsibility, etc. Efraim Turban,
260 ## - PUBLICATION, DISTRIBUTION, ETC.
Place of publication, distribution, etc. New Jersey :
Name of publisher, distributor, etc. Pearson /Prentice Hall,
Date of publication, distribution, etc. c-2006.
300 ## - PHYSICAL DESCRIPTION
Extent xxxi, 792p. :
Dimensions 21cm. ;
526 ## - STUDY PROGRAM INFORMATION NOTE
Program name EEE
650 ## - SUBJECT ADDED ENTRY--TOPICAL TERM
Topical term or geographic name entry element Electronic commerce
650 ## - SUBJECT ADDED ENTRY--TOPICAL TERM
Topical term or geographic name entry element Electronic commerce-Management
942 ## - ADDED ENTRY ELEMENTS (KOHA)
Source of classification or shelving scheme Dewey Decimal Classification
Koha item type Books
Holdings
Withdrawn status Lost status Source of classification or shelving scheme Damaged status Not for loan Home library Current library Date acquired Total Checkouts Full call number Barcode Date last seen Copy number Price effective from Koha item type
    Dewey Decimal Classification     BUFT Library BUFT Library 02/12/2008   658.872 T931e 2006 2008-0235 02/08/2026 C-1 02/08/2026 Books
Copyright © 2019-2023 | BUFT Library
BGMEA University of Fashion and Technology
Library Home | University Home
| Maintained by Library Team